Top 100 des prénoms de garçons les plus donnés en 1920 - Statistiques

Statistiques générales
  • Ce quiz a été pris 522 fois
  • Le résultat moyen est 31 sur 100
Statistiques - réponses
# Prénoms % Correct
1 Jean
93%
7 Louis
76%
3 Pierre
75%
12 Paul
74%
25 Michel
67%
17 Jacques
64%
55 Marc
64%
20 Francois
63%
18 Charles
59%
72 Philippe
54%
30 Antoine
53%
31 Jules
53%
2 André
51%
43 Claude
51%
28 Bernard
50%
36 Julien
50%
8 Henri
49%
5 Marcel
47%
10 Robert
47%
23 Léon
46%
94 Nicolas
46%
50 Daniel
45%
4 René
45%
53 Gérard
44%
9 Georges
43%
32 Yves
43%
15 Albert
42%
51 Alexandre
42%
38 Victor
42%
80 Christian
41%
13 Joseph
41%
68 Laurent
40%
87 Alain
39%
11 Maurice
38%
29 Gabriel
37%
33 Guy
37%
16 Lucien
37%
19 Emile
35%
82 Max
35%
6 Roger
35%
27 August
34%
96 Dominique
34%
76 Frédéric
34%
46 Francis
32%
70 Maxime
32%
14 Raymond
32%
74 Vincent
32%
58 Arthur
31%
73 Denis
31%
78 Simon
31%
61 Clément
29%
41 Edouard
28%
77 Emmanuel
28%
48 Etienne
27%
52 Adrien
26%
24 Gaston
26%
21 Fernand
25%
26 Gilbert
25%
66 Augustin
24%
49 Gustave
24%
98 Raphaël
24%
65 Serge
24%
71 Alexis
23%
44 Armand
23%
60 Hubert
22%
40 Camille
21%
93 Emilien
21%
100 Hervé
21%
83 Yvon
21%
34 Alfred
18%
42 Ernest
18%
22 Eugène
18%
59 Germain
18%
37 Marius
18%
35 Roland
18%
45 Alphonse
17%
57 Félix
16%
69 Adolphe
15%
91 Théophile
15%
39 Edmond
14%
90 Norbert
14%
47 Aimé
13%
62 Noël
13%
85 Rémy
13%
84 Antonin
12%
64 Marie
12%
54 Raoul
12%
79 Ferdinand
11%
97 Achille
9%
95 Léopold
9%
75 Marceau
9%
89 Arsène
7%
56 Elie
7%
92 Jean-Baptiste
7%
86 Ange
6%
63 Désiré
6%
67 Abel
5%
81 Constant
5%
99 Martial
4%
88 Claudius
3%
Aucun quiz correspondant
Distribution des résultats
% des personnes avec chaque résultat
Percentile par nombre de réponses
Votre historique - résultats
Vous n’avez pas pris ce quiz